[Event "Oberliga Ost-B 1920"]
[Site "Germany"]
[Date "2019.11.16"]
[Round "2.3"]
[White "George, Tom"]
[Black "Braun, Vitali"]
[Result "1-0"]
[WhiteElo "2169"]
[BlackElo "2356"]
[PlyCount "67"]
[EventDate "2019.09.29"]
[EventType "team-tourn"]
[EventRounds "11"]
[EventCountry "GER"]
[SourceTitle "EXT 2021"]
[Source "ChessBase"]
[SourceDate "2020.10.23"]
[SourceVersion "1"]
[SourceVersionDate "2020.10.23"]
[SourceQuality "1"]
[WhiteTeam "Stadtilm Blau Weiss"]
[BlackTeam "Griesheim"]
[WhiteTeamCountry "GER"]
[BlackTeamCountry "GER"]

1. e4 g6 2. d4 Bg7 3. Nc3 d6 4. f4 e6 5. Nf3 Ne7 6. Be3 b6 7. Bd3 Nd7 8. 0-0 0-0 9. Qe1 c5 10. Nb5 d5 11. c3 Ba6 12. a4 cxd4 13. Bxd4 Nc5 14. Bc2 Nxe4 15. Bxg7 Kxg7 16. Bxe4 dxe4 17. Rd1 Qb8 18. Ne5 Rd8 19. Qxe4 Qb7 20. Qxb7 Bxb7 21. Nd6 Ba6 22. Ndxf7 Rd5 23. Rfe1 Rxd1 24. Rxd1 Nd5 25. g3 h6 26. Nd6 Nf6 27. Nb5 Bb7 28. Nc7 Rc8 29. Nxe6+ Kh7 30. Nd7 Ne4 31. Ndf8+ Kg8 32. Rd7 Bc6 33. Rg7+ Kh8 34. Nxg6# 1-0

[Event "Berlin Lichtenberger op 18th"]
[Site "Berlin"]
[Date "2019.08.20"]
[Round "4"]
[White "Barwich, Andreas"]
[Black "George, Tom"]
[Result "0-1"]
[WhiteElo "1951"]
[BlackElo "2210"]
[PlyCount "80"]
[EventDate "2019.08.17"]
[EventType "swiss"]
[EventRounds "9"]
[EventCountry "GER"]
[SourceTitle "EXT 2020"]
[Source "ChessBase"]
[SourceDate "2019.10.17"]
[SourceVersion "1"]
[SourceVersionDate "2019.10.17"]
[SourceQuality "1"]

1. e4 c5 2. Nf3 e6 3. b3 b6 4. c4 Bb7 5. d3 Qf6 6. e5 Bxf3 7. exf6 Bxd1 8. Kxd1 Nxf6 9. g3 Nc6 10. Bb2 Be7 11. Bg2 0-0 12. Nd2 Rad8 13. Ke2 d5 14. Rad1 Ng4 15. h3 Bf6 16. Bc1 Nd4+ 17. Kf1 Ne5 18. Nb1 Nec6 19. Be3 Nb4 20. Bxd4 Bxd4 21. a3 Nc6 22. f4 Ne7 23. Ke2 Nf5 24. Kf3 a5 25. a4 Bb2 26. Rd2 Bf6 27. Na3 Nd4+ 28. Ke3 g5 29. h4 Nf5+ 30. Kf2 gxf4 31. gxf4 Bxh4+ 32. Kf3 Bf6 33. Nb5 Kh8 34. Bf1 Rg8 35. Rdh2 Rg7 36. Bh3 Nh4+ 37. Ke2 h5 38. Bf1 Rg4 39. f5 exf5 40. Kd2 Nf3+ 0-1

[Event "Berlin Lichtenberger op 18th"]
[Site "Berlin"]
[Date "2019.08.19"]
[Round "3"]
[White "George, Tom"]
[Black "Bauder, Herbert"]
[Result "1/2-1/2"]
[WhiteElo "2210"]
[BlackElo "1947"]
[PlyCount "118"]
[EventDate "2019.08.17"]
[EventType "swiss"]
[EventRounds "9"]
[EventCountry "GER"]
[SourceTitle "EXT 2020"]
[Source "ChessBase"]
[SourceDate "2019.10.17"]
[SourceVersion "1"]
[SourceVersionDate "2019.10.17"]
[SourceQuality "1"]

1. c4 c5 2. Nf3 Nc6 3. d4 cxd4 4. Nxd4 Nf6 5. Nc3 g6 6. e4 Nxd4 7. Qxd4 d6 8. Be2 Bg7 9. Be3 0-0 10. Qd2 Qa5 11. 0-0 Re8 12. a3 Be6 13. b4 Qd8 14. Rad1 b6 15. f3 Rc8 16. Nd5 Nxd5 17. exd5 Bd7 18. Bd4 Bxd4+ 19. Qxd4 e5 20. dxe6 Rxe6 21. Bd3 Qf6 22. Be4 Kg7 23. Qd3 Bc6 24. Bxc6 Rxc6 25. Rfe1 Qf4 26. Rxe6 fxe6 27. Qd4+ Qxd4+ 28. Rxd4 e5 29. Re4 Kf6 30. Kf2 a5 31. Ke2 axb4 32. axb4 Rc7 33. Kd3 Ra7 34. Re2 Ra3+ 35. Ke4 Ke6 36. f4 Rc3 37. fxe5 Rxc4+ 38. Kd3 Rxb4 39. exd6+ Kxd6 40. Re8 Rb2 41. Rh8 Rxg2 42. Rxh7 Kc5 43. Kc3 Kb5 44. Kb3 Rf2 45. Rg7 Rxh2 46. Rxg6 Rh3+ 47. Kb2 Ka5 48. Rg5+ b5 49. Rg4 Rh2+ 50. Kb1 b4 51. Rg5+ Ka4 52. Rg3 Rh5 53. Kb2 Rh4 54. Kb1 b3 55. Rg8 Ka3 56. Ra8+ Ra4 57. Rxa4+ Kxa4 58. Kb2 Kb4 59. Kb1 Kc3 1/2-1/2

[Event "Oberliga Ost-B 1819"]
[Site "Germany"]
[Date "2019.03.23"]
[Round "8.4"]
[White "George, Tom"]
[Black "Schnitzspan, Lothar"]
[Result "0-1"]
[WhiteElo "2204"]
[BlackElo "2269"]
[PlyCount "70"]
[EventDate "2018.10.21"]
[EventType "team-tourn"]
[EventRounds "11"]
[EventCountry "GER"]
[SourceTitle "EXT 2020"]
[Source "ChessBase"]
[SourceDate "2019.10.17"]
[SourceVersion "1"]
[SourceVersionDate "2019.10.17"]
[SourceQuality "1"]
[WhiteTeam "Stadtilm Blau Weiss"]
[BlackTeam "Griesheim II"]
[WhiteTeamCountry "GER"]
[BlackTeamCountry "GER"]

1. e4 e5 2. Nf3 d6 3. d4 exd4 4. Nxd4 Nf6 5. Nc3 Be7 6. g3 Nc6 7. Bg2 Bg4 8. Nxc6 bxc6 9. Qd3 0-0 10. 0-0 Nd7 11. h3 Ne5 12. Qe3 Nc4 13. Qd4 Be6 14. Nd5 cxd5 15. exd5 Bxh3 16. Bxh3 Nb6 17. a4 Bf6 18. Qd3 Re8 19. a5 Nd7 20. c3 Rb8 21. b4 Ne5 22. Qd1 a6 23. Rb1 Rb5 24. f4 Ng6 25. c4 Rb8 26. Bf5 Bc3 27. Bd2 Qf6 28. Bxc3 Qxc3 29. Rb3 Qxc4 30. Qd3 Rxb4 31. Rxb4 Qxb4 32. Ra1 Re1+ 33. Rxe1 Qxe1+ 34. Kg2 Qxa5 35. Qe4 Qb5 0-1

[Event "Oberliga Ost-B 1819"]
[Site "Germany"]
[Date "2018.10.21"]
[Round "1.4"]
[White "Weishaeutel, Moritz"]
[Black "George, Tom"]
[Result "1-0"]
[WhiteElo "2241"]
[BlackElo "2204"]
[PlyCount "81"]
[EventDate "2018.10.21"]
[EventType "team-tourn"]
[EventRounds "11"]
[EventCountry "GER"]
[SourceTitle "EXT 2020"]
[Source "ChessBase"]
[SourceDate "2019.10.17"]
[SourceVersion "1"]
[SourceVersionDate "2019.10.17"]
[SourceQuality "1"]
[WhiteTeam "Erfurt Empor"]
[BlackTeam "Stadtilm Blau Weiss"]
[WhiteTeamCountry "GER"]
[BlackTeamCountry "GER"]

1. e4 e5 2. Nf3 Nc6 3. Bb5 a6 4. Bxc6 dxc6 5. 0-0 Bg4 6. h3 h5 7. d3 Qf6 8. Be3 Bxf3 9. Qxf3 Qxf3 10. gxf3 Bd6 11. Nd2 f6 12. Nc4 g5 13. h4 Ne7 14. hxg5 fxg5 15. Kh2 Rg8 16. Rg1 g4 17. fxg4 hxg4 18. Rg3 Kd7 19. Rag1 Rh8+ 20. Kg2 Rag8 21. Kf1 b5 22. Nd2 Rh4 23. f3 Rgh8 24. Rxg4 Rxg4 25. Rxg4 Rh1+ 26. Rg1 Rh2 27. Bf2 a5 28. Ke1 a4 29. Nf1 Rh3 30. Ke2 a3 31. b3 c5 32. Rg5 Nc6 33. c3 Rh1 34. f4 Na5 35. fxe5 Nxb3 36. exd6 Nc1+ 37. Kd2 Rxf1 38. Bxc5 Nxa2 39. Rg7+ Kc8 40. d7+ Kd8 41. Be3 1-0

[Event "Oberliga Ost-B 1718"]
[Site "Germany"]
[Date "2018.04.14"]
[Round "10.5"]
[White "George, Tom"]
[Black "Rosenberger, Frank"]
[Result "1-0"]
[WhiteElo "2205"]
[BlackElo "2110"]
[PlyCount "77"]
[EventDate "2017.10.22"]
[EventType "team-tourn"]
[EventRounds "11"]
[EventCountry "GER"]
[SourceTitle "EXT 2019"]
[Source "ChessBase"]
[SourceDate "2018.10.10"]
[SourceVersion "1"]
[SourceVersionDate "2018.10.10"]
[SourceQuality "1"]
[WhiteTeam "Stadtilm Blau Weiss"]
[BlackTeam "Gernsheim"]
[WhiteTeamCountry "GER"]
[BlackTeamCountry "GER"]

1. e4 e6 2. d4 d5 3. Nd2 Nf6 4. e5 Nfd7 5. Bd3 c5 6. c3 Nc6 7. Ne2 cxd4 8. cxd4 f6 9. exf6 Qxf6 10. 0-0 Bd6 11. Nf3 h6 12. Be3 0-0 13. Rc1 Rd8 14. Qd2 Nf8 15. Bf4 Bxf4 16. Qxf4 Qxf4 17. Nxf4 g5 18. Nh5 Bd7 19. Bb5 Rac8 20. Bxc6 Bxc6 21. Ne5 Bb5 22. Rfe1 Be8 23. Ng3 Kg7 24. f4 gxf4 25. Ne2 f3 26. gxf3 h5 27. Kf2 Kf6 28. Nf4 Kf5 29. Ned3 b6 30. Re5+ Kf6 31. Rxc8 Rxc8 32. Nxh5+ Bxh5 33. Rxh5 Ng6 34. Ke3 Rc2 35. Rh7 Ne7 36. Ne5 Nf5+ 37. Kf4 Nd6 38. Rd7 Rd2 39. Rxd6 1-0

[Event "Oberliga Ost-B 1718"]
[Site "Germany"]
[Date "2017.10.22"]
[Round "1.5"]
[White "Schmuck, Helmut"]
[Black "George, Tom"]
[Result "1/2-1/2"]
[WhiteElo "2120"]
[BlackElo "2205"]
[PlyCount "165"]
[EventDate "2017.10.22"]
[EventType "team-tourn"]
[EventRounds "11"]
[EventCountry "GER"]
[SourceTitle "EXT 2019"]
[Source "ChessBase"]
[SourceDate "2018.10.10"]
[SourceVersion "1"]
[SourceVersionDate "2018.10.10"]
[SourceQuality "1"]
[WhiteTeam "Erfurt Empor"]
[BlackTeam "Stadtilm Blau Weiss"]
[WhiteTeamCountry "GER"]
[BlackTeamCountry "GER"]

1. d4 Nf6 2. c4 e6 3. Nc3 Bb4 4. e3 0-0 5. Bd3 d5 6. Nge2 c5 7. 0-0 cxd4 8. exd4 dxc4 9. Bxc4 b6 10. d5 Qc7 11. Qb3 Bxc3 12. Nxc3 Ng4 13. g3 Ne5 14. Be2 Na6 15. Bf4 Nc5 16. Qa3 exd5 17. Nxd5 Qb7 18. Bxe5 Qxd5 19. Bf3 Ne4 20. Qd6 Qxd6 21. Bxd6 Re8 22. Rfe1 Bb7 23. Bf4 Nc5 24. Bxb7 Nxb7 25. Rad1 Nc5 26. Rxe8+ Rxe8 27. Be3 h6 28. Kf1 Kf8 29. Bxc5+ bxc5 30. Rd5 Rc8 31. Rd7 a6 32. Ke2 Rb8 33. b3 Rb4 34. Rc7 Re4+ 35. Kd3 Rd4+ 36. Ke3 Rd5 37. Rc6 Re5+ 38. Kd3 Rd5+ 39. Kc3 Re5 40. Kd3 Rd5+ 41. Ke3 Re5+ 42. Kf3 Rf5+ 43. Kg2 a5 44. h4 Ke7 45. Ra6 c4 46. bxc4 Rc5 47. Kf3 Rxc4 48. Rxa5 Rc1 49. Ra7+ Ke6 50. a4 Ra1 51. a5 Ra4 52. a6 h5 53. Ra8 g6 54. a7 Kf6 55. Ke3 Ra3+ 56. Kd4 Ra1 57. f3 Rd1+ 58. Kc3 Ra1 59. g4 Kg7 60. gxh5 gxh5 61. f4 Ra3+ 62. Kb4 Ra1 63. f5 Rb1+ 64. Kc4 Ra1 65. Kd4 Ra4+ 66. Ke5 Ra5+ 67. Kf4 Ra4+ 68. Kg5 Ra5 69. Re8 Rxa7 70. f6+ Kh7 71. Re5 Ra6 72. Rf5 Rb6 73. Kxh5 Ra6 74. Kg5 Rb6 75. h5 Re6 76. Ra5 Re1 77. Ra7 Rg1+ 78. Kf5 Rf1+ 79. Ke5 Re1+ 80. Kd5 Rd1+ 81. Kc6 Kh6 82. Ra5 Rf1 83. Kd6 1/2-1/2

[Event "Vellmar op 9th"]
[Site "Vellmar"]
[Date "2017.07.15"]
[Round "4"]
[White "Lesny, Florian"]
[Black "George, Tom"]
[Result "0-1"]
[WhiteElo "1997"]
[BlackElo "2212"]
[PlyCount "104"]
[EventDate "2017.07.13"]
[EventType "swiss"]
[EventRounds "7"]
[EventCountry "GER"]
[SourceTitle "CBM 179 Extra"]
[Source "ChessBase"]
[SourceDate "2017.08.23"]
[SourceVersion "1"]
[SourceVersionDate "2017.08.23"]
[SourceQuality "1"]

1. e4 c5 2. Nf3 a6 3. c3 e6 4. d4 d5 5. e5 Bd7 6. b3 cxd4 7. cxd4 Bb5 8. Be2 Bb4+ 9. Bd2 Bxe2 10. Qxe2 Nc6 11. 0-0 Be7 12. Nc3 h5 13. Be3 Nh6 14. a3 Nf5 15. Qd3 g5 16. Nd2 f6 17. exf6 Bxf6 18. Rfe1 Kf7 19. Ne2 h4 20. b4 h3 21. g3 Qg8 22. b5 axb5 23. Qxb5 Ra7 24. Qd3 Qg6 25. Nb3 Qh5 26. Bd2 Rc8 27. Bc3 Qg6 28. a4 Nd6 29. Qxg6+ Kxg6 30. Nd2 Rca8 31. Nb3 b6 32. a5 Nxa5 33. Nxa5 bxa5 34. Ra4 Nc4 35. Nc1 Nb6 36. Ra2 Kf7 37. Nb3 Nc4 38. Nc5 Re8 39. Rae2 Rae7 40. f4 gxf4 41. gxf4 Nd6 42. Re3 Nb5 43. Rd1 Rc8 44. Rxh3 Rxc5 45. dxc5 Nxc3 46. Rd2 a4 47. c6 a3 48. Rh7+ Ke8 49. c7 Kd7 50. Rxe7+ Bxe7 51. Rc2 Bf6 52. c8Q+ Kxc8 0-1

[Event "Hofheim Spring op-A 5th"]
[Site "Hofheim"]
[Date "2017.04.11"]
[Round "9"]
[White "George, Tom"]
[Black "Hansen, Torbjorn Ringdal"]
[Result "1/2-1/2"]
[WhiteElo "2170"]
[BlackElo "2442"]
[PlyCount "32"]
[EventDate "2017.04.07"]
[EventType "swiss"]
[EventRounds "9"]
[EventCountry "GER"]
[SourceTitle "EXT 2018"]
[Source "ChessBase"]
[SourceDate "2017.10.13"]
[SourceVersion "1"]
[SourceVersionDate "2017.10.13"]
[SourceQuality "1"]

1. e4 e5 2. Nf3 Nc6 3. Bc4 Nf6 4. d4 exd4 5. 0-0 Nxe4 6. Re1 d5 7. Bxd5 Qxd5 8. Nc3 Qa5 9. Nxe4 Be6 10. Neg5 0-0-0 11. Nxe6 fxe6 12. Rxe6 Bd6 13. Bg5 Rde8 14. Qe2 Kd7 15. Rxe8 Rxe8 16. Qd3 h6 1/2-1/2

[Event "Korbach op 8th"]
[Site "Korbach"]
[Date "2016.10.23"]
[Round "6"]
[White "George, Tom"]
[Black "Held, Carsten"]
[Result "1-0"]
[WhiteElo "2149"]
[BlackElo "2018"]
[PlyCount "81"]
[EventDate "2016.10.20"]
[EventType "swiss"]
[EventRounds "7"]
[EventCountry "GER"]
[SourceTitle "CBM 175 Extra"]
[Source "ChessBase"]
[SourceDate "2016.12.12"]
[SourceVersion "1"]
[SourceVersionDate "2016.12.12"]
[SourceQuality "1"]

1. e4 c5 2. Nf3 Nc6 3. d4 cxd4 4. Nxd4 d6 5. c4 Nf6 6. Nc3 g6 7. Be2 Bg7 8. Be3 0-0 9. 0-0 Nxd4 10. Bxd4 Bd7 11. f3 Bc6 12. b4 b6 13. Qd2 Ne8 14. a4 Bxd4+ 15. Qxd4 a5 16. b5 Bb7 17. Nd5 Bxd5 18. cxd5 Rc8 19. Rac1 Rc5 20. Qe3 Kg7 21. Rxc5 dxc5 22. Rd1 Nc7 23. f4 Qc8 24. Bf3 Rd8 25. h3 Qd7 26. e5 Qe8 27. g4 Qf8 28. f5 f6 29. Qf4 Ne8 30. Re1 g5 31. Qe3 Rd7 32. d6 fxe5 33. Qxe5+ Qf6 34. Qxf6+ Nxf6 35. dxe7 Kf7 36. Re6 Rxe7 37. Rxb6 Re1+ 38. Kf2 Ra1 39. Rb8 Rxa4 40. b6 Rb4 41. b7 1-0

[Event "Korbach op 8th"]
[Site "Korbach"]
[Date "2016.10.22"]
[Round "4"]
[White "George, Tom"]
[Black "Stork, Oliver"]
[Result "1/2-1/2"]
[WhiteElo "2149"]
[BlackElo "2056"]
[PlyCount "37"]
[EventDate "2016.10.20"]
[EventType "swiss"]
[EventRounds "7"]
[EventCountry "GER"]
[SourceTitle "CBM 175 Extra"]
[Source "ChessBase"]
[SourceDate "2016.12.12"]
[SourceVersion "1"]
[SourceVersionDate "2016.12.12"]
[SourceQuality "1"]

1. e4 c6 2. d4 d5 3. Nd2 dxe4 4. Nxe4 Bf5 5. Ng3 Bg6 6. h4 h6 7. Nh3 e6 8. Nf4 Bh7 9. Bc4 Nf6 10. c3 Bd6 11. Nfh5 0-0 12. Bg5 Be7 13. Bxf6 Bxf6 14. Nxf6+ Qxf6 15. Qg4 Nd7 16. Nh5 Qg6 17. Qxg6 Bxg6 18. Nf4 Bh7 19. Bd3 1/2-1/2

[Event "Berlin Lichtenberger op 15th"]
[Site "Berlin"]
[Date "2016.08.16"]
[Round "4"]
[White "Von Herman, Ulf"]
[Black "George, Tom"]
[Result "1/2-1/2"]
[WhiteElo "2340"]
[BlackElo "2044"]
[PlyCount "31"]
[EventDate "2016.08.13"]
[EventType "swiss"]
[EventRounds "9"]
[EventCountry "GER"]
[SourceTitle "CBM 173 Extra"]
[Source "ChessBase"]
[SourceDate "2016.08.29"]
[SourceVersion "1"]
[SourceVersionDate "2016.08.29"]
[SourceQuality "1"]

1. g3 Nf6 2. Bg2 e6 3. Nf3 d5 4. 0-0 Be7 5. d4 0-0 6. c4 dxc4 7. Qc2 b5 8. a4 b4 9. Qxc4 Ba6 10. Qc2 Nbd7 11. Rd1 c5 12. Ne5 Rc8 13. Nc6 cxd4 14. Qd2 Rxc6 15. Bxc6 Nc5 16. Qc2 1/2-1/2

[Event "Berlin Lichtenberger op 13th"]
[Site "Berlin"]
[Date "2014.08.22"]
[Round "7"]
[White "George, Tom"]
[Black "Noetzel, Felix"]
[Result "0-1"]
[WhiteElo "1897"]
[BlackElo "2113"]
[PlyCount "128"]
[EventDate "2014.08.16"]
[EventType "swiss"]
[EventRounds "9"]
[EventCountry "GER"]
[SourceTitle "CBM 161 Extra"]
[Source "ChessBase"]
[SourceDate "2014.08.29"]
[SourceVersion "1"]
[SourceVersionDate "2014.08.29"]
[SourceQuality "1"]

1. e4 e5 2. Nf3 Nc6 3. Nc3 Nf6 4. Bb5 Bd6 5. d3 0-0 6. 0-0 a6 7. Bc4 h6 8. a3 Bc5 9. Nd5 d6 10. Be3 Ba7 11. c3 Nxd5 12. Bxd5 Ne7 13. Bc4 c6 14. Bxa7 Rxa7 15. d4 b5 16. Bb3 Ng6 17. a4 Qf6 18. axb5 cxb5 19. Qd2 Nf4 20. Qe3 Rc7 21. g3 Nh3+ 22. Kh1 Re8 23. Bd5 Bg4 24. Kg2 exd4 25. Nxd4 Ng5 26. Kh1 b4 27. f4 Nxe4 28. Bxe4 Rce7 29. Rfe1 Rxe4 30. Qxe4 Rxe4 31. Rxe4 bxc3 32. bxc3 d5 33. Re5 Qb6 34. Rc1 Bh3 35. Re2 a5 36. Kg1 a4 37. Ra2 Kh7 38. Rxa4 Qb2 39. Rc2 Qb1+ 40. Kf2 Qf1+ 41. Ke3 Qg1+ 42. Kd3 Bf1+ 43. Kd2 Qxh2+ 44. Ke1 Qg1 45. Ne2 Bxe2+ 46. Kxe2 Qxg3 47. Rd4 h5 48. Rcd2 Qxc3 49. Rxd5 g6 50. Kf2 h4 51. R5d3 Qf6 52. Rf3 Qf5 53. Kg2 Qg4+ 54. Kf2 Kg7 55. Rdd3 h3 56. Rxh3 Qxf4+ 57. Rdf3 Qd2+ 58. Kg1 f5 59. Rb3 f4 60. Rhd3 Qe2 61. Rdc3 g5 62. Rc7+ Kg6 63. Rbb7 f3 64. Rg7+ Kh5 0-1

[Event "Berlin Lichtenberger op 13th"]
[Site "Berlin"]
[Date "2014.08.21"]
[Round "6"]
[White "Hahlbohm, Matthias"]
[Black "George, Tom"]
[Result "0-1"]
[WhiteElo "2074"]
[BlackElo "1897"]
[PlyCount "54"]
[EventDate "2014.08.16"]
[EventType "swiss"]
[EventRounds "9"]
[EventCountry "GER"]
[SourceTitle "CBM 161 Extra"]
[Source "ChessBase"]
[SourceDate "2014.08.29"]
[SourceVersion "1"]
[SourceVersionDate "2014.08.29"]
[SourceQuality "1"]

1. e4 c5 2. c3 Nf6 3. Bd3 Nc6 4. f4 d5 5. e5 c4 6. Bc2 Ne4 7. d4 cxd3 8. Bxd3 Bf5 9. Be3 g5 10. g4 gxf4 11. gxf5 fxe3 12. e6 Nf2 13. Qe2 Qb6 14. Nf3 0-0-0 15. Rf1 Nxd3+ 16. Qxd3 Qxb2 17. Nd4 Qxa1 18. Nxc6 bxc6 19. Qc2 fxe6 20. Ke2 Rg8 21. Kd3 Bh6 22. Rd1 d4 23. c4 exf5 24. Qa4 Qb2 25. Qxc6+ Kb8 26. Qxh6 Rg2 27. Qf4+ Rd6 0-1

[Event "Berlin Lichtenberger op 12th"]
[Site "Berlin"]
[Date "2013.08.18"]
[Round "2"]
[White "George, Tom"]
[Black "Cusnariov, Nikolai"]
[Result "0-1"]
[WhiteElo "1901"]
[BlackElo "2154"]
[PlyCount "106"]
[EventDate "2013.08.17"]
[EventType "swiss"]
[EventRounds "9"]
[EventCountry "GER"]
[SourceTitle "CBM 156 Extra"]
[Source "ChessBase"]
[SourceDate "2013.10.22"]
[SourceVersion "1"]
[SourceVersionDate "2013.10.22"]
[SourceQuality "1"]

1. Nc3 d5 2. e4 dxe4 3. Nxe4 Bf5 4. Ng3 Bg6 5. f4 e6 6. Nf3 Nf6 7. Ne5 Be7 8. Bc4 Nbd7 9. Nxg6 hxg6 10. Qe2 Nb6 11. Bb3 Nfd5 12. d4 Bb4+ 13. Bd2 Bxd2+ 14. Qxd2 Qf6 15. Ne2 0-0-0 16. 0-0-0 Kb8 17. g3 Ne7 18. Qe3 Nf5 19. Qe5 Nd5 20. Bxd5 Rxd5 21. Qxf6 gxf6 22. g4 Ne3 23. Rdg1 f5 24. gxf5 Nxf5 25. c3 Kc8 26. Ng3 Rh4 27. Rf1 Kd8 28. Ne4 Ke7 29. Rf2 b6 30. b4 Rd8 31. Re1 c6 32. Ree2 Rdh8 33. Ng3 Nxg3 34. hxg3 Rg4 35. Rf3 Rh3 36. Ree3 Rh2 37. Kb1 Rg2 38. Ka1 Kd6 39. Kb1 f5 40. a3 b5 41. Kc1 g5 42. Kd1 gxf4 43. Rxf4 R4xg3 44. Rxg3 Rxg3 45. Kc2 Rg2+ 46. Kb3 Rg4 47. Rf1 f4 48. Rf3 Kd5 49. Kc2 Rg2+ 50. Kd1 Ke4 51. Rh3 f3 52. Rh6 Rg1+ 53. Kd2 f2 0-1

[Event "Berlin Lichtenberger op 11th"]
[Site "Berlin"]
[Date "2012.08.23"]
[Round "6"]
[White "Moeller, Dustin"]
[Black "George, Tom"]
[Result "1/2-1/2"]
[WhiteElo "1838"]
[BlackElo "1883"]
[PlyCount "50"]
[EventDate "2012.08.18"]
[EventType "swiss"]
[EventRounds "9"]
[EventCountry "GER"]
[SourceTitle "CBM 150 Extra"]
[Source "ChessBase"]
[SourceDate "2012.10.19"]
[SourceVersion "1"]
[SourceVersionDate "2012.10.19"]
[SourceQuality "1"]

1. c4 e5 2. g3 f5 3. Bg2 Nf6 4. Nc3 Nc6 5. d3 Bc5 6. e3 0-0 7. Nge2 d6 8. 0-0 Qe8 9. Nd5 Nxd5 10. cxd5 Ne7 11. d4 exd4 12. Nxd4 Rb8 13. Rb1 Qf7 14. b4 Bb6 15. Ne2 Ng6 16. Bb2 Ne5 17. Rc1 Bd7 18. a4 a5 19. Bd4 axb4 20. Bxb6 cxb6 21. Qd4 b5 22. Rc7 Rfc8 23. Rxc8+ Rxc8 24. Qxb4 Rc5 25. Nd4 Qe8 1/2-1/2